| 000 | 01047nam a22002777a 4500 | ||
|---|---|---|---|
| 001 | 7549 | ||
| 003 | FISKH | ||
| 005 | 20250723161656.0 | ||
| 008 | 250723b cb ||||| |||| 00| 0 eng d | ||
| 020 | _a9780545797528 | ||
| 040 |
_aFISKH _beng _cFISKH _dFISKH |
||
| 082 | _a314 | ||
| 100 | _aGlass, Calliope | ||
| 245 |
_aAnnie : _bA true family / _cAdapted by Calliope Glass |
||
| 250 | _aFirst printing , November 2014 | ||
| 260 |
_aNew York : _bScholastic , _c2014. |
||
| 300 |
_a32 pages : _bcolor illustrations ; _c23 cm . |
||
| 505 | _aJ | ||
| 520 | _a"Annie is a foster child whose life is about to turn upside down! A New York City billionaire named Will Stacks has agreed to take in Annie and her dog, Sandy, during his campaign for mayor. Will staying with Mr. Stacks help Annie finally find her true family?" -- On back cover. | ||
| 521 | 8 |
_a500
_bLexile estimate |
|
| 521 | 8 |
_aJ
_bRaz-Plus |
|
| 650 |
_aFamily _vFiction |
||
| 700 |
_aMeehan, Thomas _eIllustrator |
||
| 942 |
_2ddc _cBK _n0 |
||
| 999 |
_c7549 _d7549 |
||